| 000 | 01205pam a2200301 a 4500 | ||
|---|---|---|---|
| 001 | decadeofyear00wein | ||
| 003 | CaSfIA | ||
| 005 | 20210118001432.0 | ||
| 007 | cr|||| | ||
| 008 | 870109s1987 nyu 001 0 eng | ||
| 035 | _9(DLC) 87000482 | ||
| 856 | 4 | 1 |
_uhttp://www.archive.org/details/decadeofyear00wein _zFree eBook from the Internet Archive |
| 856 | 4 | 2 |
_uhttp://www.openlibrary.org/books/OL2372481M _zAdditional information and access via Open Library |
| 010 | _a 87000482 | ||
| 020 | _a0525245316 | ||
| 040 |
_aDLC _cDLC _dDLC _dCaSfIA |
||
| 050 | 0 | 0 |
_aPN6162 _b.W445 1987 |
| 082 | 0 | 0 |
_a814/.54 _219 |
| 100 | 1 | _aWeiner, Ellis. | |
| 245 | 1 | 0 |
_aDecade of the year / _h[electronic resource] _cEllis Weiner. |
| 250 | _a1st ed. | ||
| 260 |
_aNew York : _bDutton, _cc1987. |
||
| 300 |
_axx, 234 p. ; _c22 cm. |
||
| 500 | _aIncludes index. | ||
| 942 | _cEB | ||
| 506 | _fНеобхідна авторизація на https://archive.org/ (створення облікового запису безкоштовно) | ||
| 506 | _fНеобхідна авторизація на https://openlibrary.org/ (створення облікового запису безкоштовно) | ||
| 999 |
_c487359 _d487359 |
||